01021nam a22002417a 450000500170000001000180001702000370003502000380007203500170011003700130012708200080014024500500014826000420019827000400024030000460028049000220032650000730034850500650042194200220048699900190050895201260052795201260065320180704142037.0 aENG-123372-73 c395.00 (vol. 1)a9789352833788 c330.00 (vol. 2)a9789352833795 aEN-106904-05 bDBAD/PUB a57000aBiology for NEET /ccomp. by A. Chand Experts aNew DelhibS. Chand and Companyc2018 a7361, Ram Nagar,bNew Delhie110055 a2 vols. (various paging)c27cm(pbk)bill. aobjectivse series aIt includes vol.1 & 2 practice sets- 1 to 5 and test papers- 1 to 5  aVol. 1 - Diversity in the living world Vol. 2 - Reproduction 2ddccENmBIOh570 c153359d153359 00103vol.140718NFICaDBADbLd2018-07-04eDBAD/PUBg395.00l0o570 BIOpEN-106904r2018-07-04 00:00:00t1v395.00yEN 00103vol.240718NFICaDBADbLd2018-07-04eDBAD/PUBg330.00l0o570 BIOpEN-106905r2018-07-04 00:00:00t1v330.00yEN